[Event "World Blitz 2025"]
[Site "Doha QAT"]
[Date "2025.12.29"]
[Round "8.65"]
[White "Ganguly, Surya Shekhar"]
[Black "Amin, Bassem"]
[Result "1-0"]
[WhiteTitle "GM"]
[BlackTitle "GM"]
[WhiteElo "2568"]
[BlackElo "2626"]
[WhiteFideId "5002150"]
[BlackFideId "10601457"]
[EventDate "2025.12.29"]

1. Nf3 Nf6 2. c4 g6 3. Nc3 Bg7 4. e4 d6 5. d4 O-O 6. Be2 e5 7. O-O Re8 8. d5 a5
9. Ne1 Na6 10. Nd3 Nd7 11. a3 Nb6 12. b3 f5 13. f3 f4 14. Bd2 a4 15. Nxa4 Nxa4
16. bxa4 g5 17. a5 h5 18. Kh1 Bf8 19. Rg1 Re7 20. g3 Rg7 21. gxf4 gxf4 22. Rxg7+
Bxg7 23. Qg1 Kh7 24. c5 Qe7 25. cxd6 cxd6 26. Qb6 Bf6 27. Rc1 Rb8 28. Nb4 Nc5
29. Nc6 bxc6 30. Qxb8 Bd7 31. a6 cxd5 32. Rg1 Qe6 1-0

[Event "World Blitz 2025"]
[Site "Doha QAT"]
[Date "2025.12.29"]
[Round "8.66"]
[White "Zverev, Lev"]
[Black "Grandelius, Nils"]
[Result "0-1"]
[WhiteTitle "IM"]
[BlackTitle "GM"]
[WhiteElo "2453"]
[BlackElo "2664"]
[WhiteFideId "24250775"]
[BlackFideId "1710400"]
[EventDate "2025.12.29"]

1. e4 c5 2. Nf3 e6 3. d4 cxd4 4. Nxd4 Nc6 5. Nc3 Qc7 6. Be3 a6 7. Qd2 Nf6 8. f4
Bb4 9. Bd3 b5 10. a3 Bxc3 11. Qxc3 Bb7 12. O-O-O O-O 13. Rhf1 Rfc8 14. Nb3 a5
15. Nc5 b4 16. Qb3 a4 17. Nxa4 bxa3 18. bxa3 Na5 19. Qb4 Bxe4 20. Qb6 Bxd3 21.
Qxc7 Rxc7 22. Rxd3 Nc4 23. Nb6 Nxb6 24. Bxb6 Rc6 25. Bd4 Ne4 26. Re1 d5 27. Rb3
f6 28. Ree3 Rc4 29. c3 Rc7 30. Kb2 Kf7 31. Ka2 h6 32. Rb6 Re7 33. Rd3 Ra4 34.
Be3 Rc4 35. Kb2 g5 36. Rb4 Rc6 37. g3 Nd6 38. a4 Nc4+ 39. Kb3 Na5+ 40. Kb2 Rec7
41. Bd4 e5 42. fxe5 Nc4+ 43. Ka2 fxe5 44. Bg1 Ke6 45. a5 Ra6 46. Rb5 Rxa5+ 47.
Rxa5 Nxa5 48. Bb6 Rc6 49. Bxa5 Ra6 50. Rd1 Rxa5+ 51. Kb3 e4 52. c4 Ke5 53. cxd5
Rxd5 54. Ra1 e3 55. Kc3 Ke4 56. Ra6 e2 57. Re6+ Kf3 58. Rf6+ Ke3 59. Re6+ Kf2
60. Rf6+ Ke1 61. Ra6 h5 0-1

[Event "World Blitz 2025"]
[Site "Doha QAT"]
[Date "2025.12.29"]
[Round "8.67"]
[White "Karthik, Venkataraman"]
[Black "Adhiban, Baskaran"]
[Result "0-1"]
[WhiteTitle "GM"]
[BlackTitle "GM"]
[WhiteElo "2589"]
[BlackElo "2557"]
[WhiteFideId "25006479"]
[BlackFideId "5018471"]
[EventDate "2025.12.29"]

1. e4 c6 2. d4 d5 3. Nd2 dxe4 4. Nxe4 Nd7 5. Nf3 Ngf6 6. Nc3 g6 7. a4 a5 8. Bc4
Bg7 9. O-O Nb6 10. Bb3 O-O 11. h3 Nfd5 12. Ne4 Bf5 13. Re1 Bxe4 14. Rxe4 e6 15.
c3 Nf6 16. Re1 Qc7 17. Ne5 Nbd7 18. Nd3 Nd5 19. Bc2 c5 20. dxc5 Nxc5 21. Nxc5
Qxc5 22. Qe2 Rad8 23. Bg5 Nxc3 24. Qg4 Rd4 25. Be3 Nd5 26. Bxd4 Bxd4 27. Re2
Bxb2 28. Rb1 h5 29. Qf3 Bf6 30. Rb5 b6 31. Rxb6 Kg7 32. Rb7 h4 33. g4 Qc6 34.
Rb5 Rc8 35. Rxd5 Qxd5 36. Qxd5 exd5 37. Rd2 d4 38. Bd3 Rc3 39. Kg2 Bg5 40. Rd1
Kf6 41. Bb5 Ke5 42. Rd3 Rc2 43. Kf3 Bf4 44. Rd1 g5 45. Re1+ Kd5 46. Re8 Rc3+ 47.
Kg2 d3 48. Rd8+ Bd6 49. Kf3 d2+ 50. Ke2 Rxh3 51. Kxd2 Ke5 52. Rd7 f6 53. Ke2 Ra3
54. Rh7 Ra2+ 55. Kf3 Bc5 56. Be2 Rxa4 0-1

[Event "World Blitz 2025"]
[Site "Doha QAT"]
[Date "2025.12.29"]
[Round "8.68"]
[White "Xiao, Tong(QD)"]
[Black "Sanal, Vahap"]
[Result "1-0"]
[WhiteTitle "GM"]
[BlackTitle "GM"]
[WhiteElo "2555"]
[BlackElo "2546"]
[WhiteFideId "8622388"]
[BlackFideId "6300545"]
[EventDate "2025.12.29"]

1. b3 d5 2. Bb2 Bf5 3. Nf3 e6 4. g3 Nf6 5. Bg2 h6 6. O-O Be7 7. d3 O-O 8. Nbd2
Nbd7 9. Re1 Bh7 10. e4 c6 11. Qe2 a5 12. a3 b5 13. a4 b4 14. Nd4 Qb6 15. e5 Ne8
16. h4 Nc7 17. Kh2 Rae8 18. f4 f6 19. Bh3 c5 20. N4f3 Bd8 21. Qg2 f5 22. Rg1 Rf7
23. Raf1 Ref8 24. h5 Ne8 25. Nh4 Bxh4 26. gxh4 Kh8 27. Qe2 Rg8 28. Rg3 Nf8 29.
Rfg1 Qc7 30. Qf2 g6 31. hxg6 Rxg6 32. Bf1 Rfg7 33. Be2 Qe7 34. Rxg6 Nxg6 35. h5
Nf8 36. d4 cxd4 37. Bxd4 Nd7 38. Nf3 Rxg1 39. Kxg1 Ng7 40. Nh4 Qf7 41. Qf3 Qe8
42. Kf2 Bg8 43. Ng6+ Kh7 44. Bb5 Nxh5 45. Qxh5 Bf7 46. Bxd7 Qd8 47. Qh4 Qc7 48.
Nf8+ Kg8 49. Qxh6 Qxc2+ 50. Kg3 Qd3+ 51. Kh4 Qxd4 52. Nxe6 Qf2+ 53. Kg5 Qg3+ 54.
Kf6 d4 55. Qf8+ 1-0

[Event "World Blitz 2025"]
[Site "Doha QAT"]
[Date "2025.12.29"]
[Round "8.85"]
[White "Orozbaev, Eldiyar"]
[Black "Bai, Jinshi"]
[Result "1-0"]
[WhiteTitle "IM"]
[BlackTitle "GM"]
[WhiteElo "2348"]
[BlackElo "2599"]
[WhiteFideId "13802240"]
[BlackFideId "8602280"]
[EventDate "2025.12.29"]

1. e4 c5 2. c3 d5 3. exd5 Qxd5 4. d4 cxd4 5. cxd4 e5 6. Nf3 exd4 7. Qxd4 Nf6 8.
Nc3 Qe6+ 9. Be3 Nc6 10. Qh4 Bb4 11. Bc4 Qg4 12. Qxg4 Bxg4 13. Nd4 Ne5 14. Bb5+
Bd7 15. O-O O-O 16. Bxd7 Bxc3 17. Bb5 Bxb2 18. Rab1 Ba3 19. Be2 b6 20. Nb5 Bc5
21. Bxc5 bxc5 22. f4 Nc6 23. Bf3 Rac8 24. Nd6 Rc7 25. Nb5 Rcc8 26. Rfc1 Nd4 27.
Nxd4 cxd4 28. Rxc8 Rxc8 29. Rb7 a5 30. Rb5 a4 31. Rb4 a3 32. Rxd4 g6 33. Bd1 Rc1
34. Kf2 Rb1 35. Bb3 Rb2+ 36. Kf3 h5 37. Ra4 Ng4 38. h3 Nh2+ 39. Ke4 Nf1 40. Bd5
Rxg2 41. Rxa3 Rf2 42. Ra7 Kg7 43. Rxf7+ Kh6 44. a4 Ng3+ 45. Ke3 Rh2 46. Ra7 Nf5+
47. Ke4 Rxh3 48. Ke5 Rd3 49. Bg8 Ng7 50. a5 h4 51. Rb7 h3 52. Rb2 Ra3 53. Ra2
Re3+ 54. Kd6 Nf5+ 55. Kc5 Rc3+ 56. Kb4 Rc8 57. Bd5 Ne3 58. Bb7 Rf8 59. a6 Rxf4+
60. Kc3 Rf8 61. a7 g5 62. Kd4 Nf5+ 63. Ke5 g4 64. Rc2 Ne7 65. Bc8 Nxc8 66. a8=Q
Re8+ 67. Kf4 Kh5 68. Qd5+ 1-0

[Event "World Blitz 2025"]
[Site "Doha QAT"]
[Date "2025.12.29"]
[Round "8.86"]
[White "Shogdzhiev, Roman"]
[Black "Kadric, Denis"]
[Result "1-0"]
[WhiteTitle "IM"]
[BlackTitle "GM"]
[WhiteElo "2403"]
[BlackElo "2543"]
[WhiteFideId "55653537"]
[BlackFideId "14403803"]
[EventDate "2025.12.29"]

1. Nf3 d6 2. d3 e5 3. Nbd2 f5 4. e4 Nf6 5. g3 Be7 6. Bg2 O-O 7. exf5 Bxf5 8. O-O
Nc6 9. Ng5 d5 10. Nb3 Qd7 11. Nf3 Bg4 12. Re1 Bd6 13. Qd2 Rae8 14. a3 Kh8 15.
Qc3 Qf7 16. Ng5 Qh5 17. h3 Bc8 18. g4 Bxg4 19. hxg4 Nxg4 20. Nh3 e4 21. dxe4 Qh4
22. Be3 Nce5 23. Bg5 Qh5 24. f4 Ng6 25. e5 Be7 26. Bxe7 Rxe7 27. Qg3 Nh4 28. Nf2
Nxf2 29. Qxf2 Ng6 30. Qg3 Nxf4 31. Bf3 Qh6 32. Nd4 c5 33. Ne2 Nh3+ 34. Kg2 Ng5
35. Rh1 Qg6 36. Raf1 h6 37. Nf4 1-0

[Event "World Blitz 2025"]
[Site "Doha QAT"]
[Date "2025.12.29"]
[Round "8.87"]
[White "Meng, Yihan"]
[Black "Nguyen, Ngoc Truong Son"]
[Result "0-1"]
[WhiteTitle "IM"]
[BlackTitle "GM"]
[WhiteElo "2456"]
[BlackElo "2600"]
[WhiteFideId "8631891"]
[BlackFideId "12401110"]
[EventDate "2025.12.29"]

1. e4 e5 2. Nf3 Nc6 3. Nc3 Nf6 4. d4 exd4 5. Nxd4 Bb4 6. Nxc6 bxc6 7. Bd3 d5 8.
exd5 O-O 9. O-O Bg4 10. f3 Bh5 11. dxc6 Qd4+ 12. Kh1 Bxc3 13. bxc3 Qxc3 14. Bf4
Qxc6 15. Re1 Bg6 16. Bf1 Rad8 17. Qc1 Nd5 18. c4 Nxf4 19. Qxf4 h6 20. h4 Qc5 21.
Rad1 Bc2 22. Rd2 g5 23. hxg5 hxg5 24. Qf6 Rxd2 25. Re5 Qd6 26. Qxg5+ Bg6 27. c5
Qd4 28. Kh2 Kg7 29. Re4 Rh8+ 30. Kg3 Qf2+ 31. Kf4 Qh4+ 0-1

[Event "World Blitz 2025"]
[Site "Doha QAT"]
[Date "2025.12.29"]
[Round "8.88"]
[White "Sasikiran, Krishnan"]
[Black "Agmanov, Zhandos"]
[Result "1-0"]
[WhiteTitle "GM"]
[BlackTitle "IM"]
[WhiteElo "2538"]
[BlackElo "2471"]
[WhiteFideId "5004985"]
[BlackFideId "13708309"]
[EventDate "2025.12.29"]

1. e4 e6 2. d4 d5 3. Nc3 Nf6 4. e5 Nfd7 5. f4 c5 6. Nf3 Nc6 7. Be3 a6 8. Ne2 Qb6
9. Qc1 Be7 10. c3 O-O 11. h4 f6 12. Rh3 Rf7 13. h5 h6 14. Rg3 Nf8 15. exf6 Bxf6
16. Kf2 cxd4 17. cxd4 Ne7 18. Ne5 Bxe5 19. dxe5 Qd8 20. Nd4 Bd7 21. Bd3 Nc6 22.
Nf3 Rc8 23. Qd2 Be8 24. Kg1 Qe7 25. Re1 Rd8 26. f5 exf5 27. Bxh6 Ne6 28. Ng5
Nxg5 29. Bxg5 Qc5+ 30. Kh2 Rc8 31. e6 Rfc7 32. h6 Qb4 33. Qf2 Bg6 34. Bf4 Ne7
35. a3 Qc5 36. Be3 Qd6 37. hxg7 Rc4 38. Bxc4 Rxc4 39. Rf1 Rg4 40. Bf4 Rh4+ 41.
Rh3 Rxh3+ 42. gxh3 Qxe6 43. Re1 Qf6 44. Be5 Qc6 45. Qh4 Qc2+ 46. Kg1 Qc5+ 47.
Bd4 1-0

[Event "World Blitz 2025"]
[Site "Doha QAT"]
[Date "2025.12.29"]
[Round "8.89"]
[White "Kobalia, Mikhail"]
[Black "Mamedyarov, Shakhriyar"]
[Result "0-1"]
[WhiteTitle "GM"]
[BlackTitle "GM"]
[WhiteElo "2537"]
[BlackElo "2730"]
[WhiteFideId "4119150"]
[BlackFideId "13401319"]
[EventDate "2025.12.29"]

1. e4 d6 2. d4 Nf6 3. Nc3 e5 4. dxe5 dxe5 5. Qxd8+ Kxd8 6. Bc4 Ke8 7. a3 a6 8.
h3 Nc6 9. Nf3 h6 10. Be3 Bd6 11. O-O b5 12. Ba2 Be6 13. Bxe6 fxe6 14. Rfd1 Ke7
15. Ne1 Rhd8 16. Kf1 Rab8 17. Nd3 Nd4 18. Bxd4 exd4 19. Ne2 e5 20. f4 Ke6 21.
fxe5 Bxe5 22. Nc5+ Kd6 23. Nxa6 Ra8 24. Nxd4 Rxa6 25. Nf5+ Ke6 26. Rxd8 Nxe4 27.
Nd4+ Kf7 28. Nf3 Bxb2 29. Rb1 Bf6 30. Rd7+ Kg6 31. Rxb5 Rxa3 32. Ne5+ Kh7 33.
Ng4 Ra1+ 34. Ke2 Nc3+ 35. Ke3 Re1+ 36. Kd3 Nxb5 37. Nxf6+ Kg6 38. Nd5 c6 39.
Ne7+ Kf6 40. Ng8+ Kg6 41. Ne7+ Kh5 42. g4+ Kg5 43. Kd2 Re6 44. Nf5 g6 45. Ne3
Nd6 46. Kd3 Ne4 47. Nc4 Nc5+ 0-1

[Event "World Blitz 2025"]
[Site "Doha QAT"]
[Date "2025.12.29"]
[Round "8.90"]
[White "Chasin, Nico"]
[Black "Le, Tuan Minh"]
[Result "1-0"]
[WhiteTitle "IM"]
[BlackTitle "GM"]
[WhiteElo "2517"]
[BlackElo "2598"]
[WhiteFideId "30908477"]
[BlackFideId "12401153"]
[EventDate "2025.12.29"]

1. d4 d5 2. c4 c6 3. Nc3 Nf6 4. cxd5 cxd5 5. Bf4 Nc6 6. e3 a6 7. Bd3 Bg4 8. f3
Bh5 9. Qb3 Na5 10. Qa4+ Nc6 11. Qb3 Ra7 12. Rc1 e6 13. Nge2 Bd6 14. Na4 O-O 15.
Qb6 Bb4+ 16. Kf2 Qxb6 17. Nxb6 Bg6 18. Rhd1 Re8 19. g4 Ba5 20. Na4 Nd7 21. a3
Bd8 22. Rc2 Ra8 23. Nc1 Bh4+ 24. Ke2 Rac8 25. Nb3 Be7 26. Rdc1 Bxd3+ 27. Kxd3 f6
28. Bg3 e5 29. Na5 Rc7 30. Nxc6 bxc6 31. Rxc6 Ra7 32. Rc7 Rea8 33. Rxd7 Rxd7 34.
Nb6 Rad8 35. Nxd7 Rxd7 36. dxe5 Kf7 37. Rc6 fxe5 38. Bxe5 a5 39. Ra6 Bd8 40. Rd6
Rxd6 41. Bxd6 Ke6 42. Bc5 a4 43. Kc2 Kd7 44. b3 axb3+ 45. Kxb3 Kc6 46. Bd4 g6
47. a4 Be7 48. h3 Bd6 49. Kc2 Be7 50. Kd3 Bd8 51. e4 Kd6 52. f4 dxe4+ 53. Kxe4
Ke6 54. Bc3 Bc7 55. a5 Bd6 56. a6 1-0

[Event "World Blitz 2025"]
[Site "Doha QAT"]
[Date "2025.12.29"]
[Round "8.91"]
[White "Droin, Augustin"]
[Black "Christiansen, Johan-Sebastian"]
[Result "0-1"]
[WhiteTitle "IM"]
[BlackTitle "GM"]
[WhiteElo "2480"]
[BlackElo "2655"]
[WhiteFideId "45105987"]
[BlackFideId "1512668"]
[EventDate "2025.12.29"]

1. e4 e5 2. Nf3 Nc6 3. d4 exd4 4. Nxd4 Bc5 5. Nb3 Bb4+ 6. Bd2 a5 7. a3 Be7 8. g3
a4 9. Nc1 d5 10. Nc3 dxe4 11. Nxe4 Nf6 12. Bg2 O-O 13. O-O Bf5 14. Nxf6+ Bxf6
15. c3 Qc8 16. Bf4 Rd8 17. Qe2 Qd7 18. Re1 Re8 19. Be3 Bg5 20. f4 Bf6 21. Qf2
Na5 22. Na2 Nc4 23. Bc5 Qb5 24. Bf1 b6 25. Bd4 Be7 26. Qe2 Be6 27. Rad1 Qxb2 28.
Qxb2 Nxb2 29. Rd2 Bxa3 30. Be5 Bxa2 0-1

[Event "World Blitz 2025"]
[Site "Doha QAT"]
[Date "2025.12.29"]
[Round "8.92"]
[White "Raja, Harshit"]
[Black "Yakubboev, Nodirbek"]
[Result "0-1"]
[WhiteTitle "GM"]
[BlackTitle "GM"]
[WhiteElo "2472"]
[BlackElo "2691"]
[WhiteFideId "5089000"]
[BlackFideId "14203987"]
[EventDate "2025.12.29"]

1. e4 c5 2. Nf3 d6 3. d4 cxd4 4. Nxd4 Nf6 5. Nc3 a6 6. Bg5 e6 7. f4 Qc7 8. Qe2
b5 9. a3 Nbd7 10. g3 Bb7 11. Bg2 Be7 12. O-O-O Rb8 13. Rhe1 h6 14. Nd5 exd5 15.
exd5 O-O 16. Qxe7 hxg5 17. fxg5 Rfe8 18. gxf6 Rxe7 19. Rxe7 gxf6 20. Nc6 Kf8 21.
Rxd7 Qxd7 22. Nxb8 Qf5 23. Nc6 Qf2 24. Bh3 Qxh2 25. Bd7 Qxg3 26. Rd3 Qe1+ 27.
Rd1 Qe3+ 28. Kb1 f5 29. Rf1 f4 30. Bg4 Qg3 31. Bf3 Bc8 32. Be4 Qe3 33. Bd3 f3
34. Na5 f2 35. Nc6 Qe1+ 36. Ka2 Bh3 0-1

[Event "World Blitz 2025"]
[Site "Doha QAT"]
[Date "2025.12.29"]
[Round "8.93"]
[White "Salinas Herrera, Pablo"]
[Black "Krallis, Christos"]
[Result "1-0"]
[WhiteTitle "GM"]
[BlackTitle "IM"]
[WhiteElo "2473"]
[BlackElo "2416"]
[WhiteFideId "3407128"]
[BlackFideId "4298896"]
[EventDate "2025.12.29"]

1. e4 e5 2. Nf3 Nc6 3. Nc3 Nf6 4. Bb5 Bd6 5. O-O O-O 6. Bxc6 dxc6 7. d3 h6 8.
Kh1 Nh7 9. Be3 f5 10. exf5 Bxf5 11. Nd2 Qh4 12. Nde4 Nf6 13. f3 Nd5 14. Bf2 Qe7
15. Qe2 Nf4 16. Qd2 Qf7 17. a3 Qg6 18. Be3 Nd5 19. Bg1 Rae8 20. Rae1 Nf4 21. Be3
Nd5 22. Bg1 Nf4 23. Ng3 Bd7 24. Nce4 h5 25. Nc3 h4 26. Nge4 h3 27. g3 Ng2 28.
Re2 b6 29. Nd1 c5 30. Ne3 Nxe3 31. Bxe3 Bc6 32. Ref2 Rf7 33. Kg1 Ref8 34. b3 Be7
35. a4 Qh5 36. Qe2 Qg6 37. Bc1 Qe6 38. Bb2 c4 39. bxc4 Bxe4 40. Qxe4 Qd7 41.
Bxe5 Qxa4 42. Kh1 Bc5 43. Re2 Qa2 1-0

[Event "World Blitz 2025"]
[Site "Doha QAT"]
[Date "2025.12.29"]
[Round "8.94"]
[White "Sankalp, Gupta"]
[Black "Peyrer, Konstantin"]
[Result "0-1"]
[WhiteTitle "GM"]
[BlackTitle "IM"]
[WhiteElo "2557"]
[BlackElo "2496"]
[WhiteFideId "5097010"]
[BlackFideId "1640879"]
[EventDate "2025.12.29"]

1. e4 e5 2. d3 Nc6 3. Nc3 Bc5 4. g3 d6 5. Bg2 h5 6. h3 h4 7. g4 Nge7 8. Nge2 Be6
9. Nd5 Nb4 10. Nxe7 Qxe7 11. c3 Na6 12. O-O Bb6 13. d4 c5 14. d5 Bd7 15. c4 g5
16. a3 f6 17. Be3 O-O 18. Qd2 Rfc8 19. Rfc1 Bd8 20. b4 b5 21. cxb5 Bxb5 22. Nc3
Be8 23. b5 Nb8 24. a4 Ba5 25. Qc2 Nd7 26. Bf1 c4 27. Nb1 Nc5 28. Bxc4 a6 29. f3
Qc7 30. Qe2 Bb6 31. bxa6 Nb3 32. Nd2 Nxc1 33. Rxc1 Bxe3+ 34. Qxe3 Rxa6 35. Nb3
Qb6 36. Qxb6 Rxb6 37. Nd2 Rb2 38. Nf1 Bxa4 39. Ne3 Bb5 40. Rc3 Rb4 0-1

[Event "World Blitz 2025"]
[Site "Doha QAT"]
[Date "2025.12.29"]
[Round "8.95"]
[White "Morris, James"]
[Black "Akobian, Varuzhan"]
[Result "1/2-1/2"]
[WhiteTitle "IM"]
[BlackTitle "GM"]
[WhiteElo "2422"]
[BlackElo "2549"]
[WhiteFideId "3205800"]
[BlackFideId "13300580"]
[EventDate "2025.12.29"]

1. e4 d6 2. d4 Nf6 3. f3 d5 4. e5 Nfd7 5. c3 c5 6. Be3 Nc6 7. f4 cxd4 8. cxd4
Nb6 9. Nc3 Bf5 10. g4 Be4 11. Nxe4 dxe4 12. Qc2 Nd5 13. Qxe4 Nxe3 14. Qxe3 Qxd4
15. Qxd4 Nxd4 16. O-O-O O-O-O 17. Ne2 Nc6 18. Bg2 e6 19. Bxc6 bxc6 20. Rxd8+
Kxd8 21. Ng3 Bc5 22. Kc2 Ke7 23. Ne4 Be3 24. Rf1 h5 25. Rf3 Bb6 26. Rh3 h4 27.
Rd3 f6 28. exf6+ gxf6 29. h3 f5 30. gxf5 exf5 31. Ng5 Rh6 32. Kd2 Bc7 33. Ke3
Rh8 34. Kf3 Bb6 35. Rd2 a5 36. Re2+ Kd7 37. Re5 Rf8 38. Re6 a4 39. Rh6 Bd4 40.
b3 a3 41. Rxh4 Re8 42. Rh7+ Kc8 43. Nf7 Re3+ 44. Kg2 Re2+ 45. Kf3 Rxa2 46. Nd6+
Kd8 47. Nxf5 Bc5 48. Rh8+ Kc7 49. Ra8 Kb7 50. Ra4 Rb2 51. h4 Rxb3+ 52. Kg4 Rb1
53. h5 Rg1+ 54. Kf3 1/2-1/2

[Event "World Blitz 2025"]
[Site "Doha QAT"]
[Date "2025.12.29"]
[Round "8.96"]
[White "Balakrishnan, Praveen"]
[Black "Nesterov, Arseniy"]
[Result "0-1"]
[WhiteTitle "GM"]
[BlackTitle "GM"]
[WhiteElo "2507"]
[BlackElo "2595"]
[WhiteFideId "2064871"]
[BlackFideId "24198455"]
[EventDate "2025.12.29"]

1. e4 e6 2. d4 d5 3. Nc3 Nf6 4. e5 Nfd7 5. f4 c5 6. Nf3 Nc6 7. Be3 a6 8. Ne2 b5
9. c3 b4 10. h4 Be7 11. h5 h6 12. Ng3 bxc3 13. bxc3 Qa5 14. Bd2 Nb6 15. c4 Qa3
16. Bc1 Qa4 17. Qxa4 Nxa4 18. cxd5 exd5 19. dxc5 Bxc5 20. Bd2 O-O 21. Bd3 Nb2
22. Bf5 Nc4 23. Ke2 Be6 24. Rhc1 Nd4+ 25. Nxd4 Bxd4 26. Rab1 Nxd2 27. Kxd2 Bf2
28. Nh1 Bxf5 29. Nxf2 Bxb1 30. Rxb1 Rab8 31. Rxb8 Rxb8 32. Kc3 Rc8+ 33. Kd4 Rc4+
34. Kxd5 Rxf4 35. Ne4 Rf1 36. Nc5 Ra1 37. a4 a5 38. Kc6 Rb1 39. Nb7 Rb4 40. Nc5
Kf8 41. Kd7 Rd4+ 42. Kc6 Ke7 43. Kb6 Rd5 44. Nb3 Rxe5 45. Nxa5 Kd7 46. Nb7 Rxh5
47. a5 Rh1 48. a6 Rb1+ 49. Kc5 Kc7 50. Na5 Rc1+ 51. Kb5 Kb8 52. Nc6+ 0-1

[Event "World Blitz 2025"]
[Site "Doha QAT"]
[Date "2025.12.29"]
[Round "8.69"]
[White "Dlugy, Maxim"]
[Black "Gan-Erdene, Sugar"]
[Result "1/2-1/2"]
[WhiteTitle "GM"]
[BlackTitle "IM"]
[WhiteElo "2502"]
[BlackElo "2444"]
[WhiteFideId "2000075"]
[BlackFideId "4902980"]
[EventDate "2025.12.29"]

1. d4 Nf6 2. Bf4 g6 3. Nc3 d5 4. e3 Bg7 5. h4 h6 6. Nf3 Bg4 7. Be2 Bxf3 8. Bxf3
c6 9. Qe2 Nfd7 10. O-O-O O-O 11. e4 dxe4 12. Nxe4 Qa5 13. Kb1 e5 14. dxe5 Nxe5
15. Nd6 Nbd7 16. Be4 Qb6 17. Qe3 c5 18. c3 Rad8 19. Bd5 Kh7 20. Bb3 Ng4 21. Qg3
Nde5 22. Nxf7 Nxf7 23. Qxg4 c4 24. Bc2 Bxc3 25. Qxg6+ Qxg6 26. Bxg6+ Kxg6 27.
bxc3 Rfe8 28. Rxd8 Nxd8 29. Rd1 Ne6 30. Be3 a6 31. Rd7 b5 32. Rd6 Kf5 33. Rxa6
Rd8 34. Kc2 h5 35. Ra5 Rb8 36. a4 Nc7 37. g3 Rb7 38. Bf4 Ke4 39. Bxc7 Rxc7 40.
Rxb5 Rf7 41. f4 Ra7 42. a5 Kf3 43. Rg5 Re7 44. a6 Re2+ 45. Kb1 Re7 46. Rg6 Ke3
47. Kc2 Rd7 48. f5 Ke4 49. f6 Ra7 50. Rg5 Rxa6 51. Rxh5 Rxf6 52. Kb2 Rf2+ 53.
Ka3 Kd3 54. Kb4 Rb2+ 55. Kc5 Kxc3 56. Rf5 Kb3 57. g4 c3 58. Rf3 Rg2 59. g5 Rg4
60. Rh3 Kb2 61. Kd5 c2 62. Rh2 Kb1 63. Rxc2 Kxc2 64. Ke6 Rxh4 65. g6 Rg4 66. Kf7
Rxg6 67. Kxg6 1/2-1/2

[Event "World Blitz 2025"]
[Site "Doha QAT"]
[Date "2025.12.29"]
[Round "8.70"]
[White "Gholami Orimi, Mahdi"]
[Black "Aditya, Mittal"]
[Result "1/2-1/2"]
[WhiteTitle "GM"]
[BlackTitle "GM"]
[WhiteElo "2515"]
[BlackElo "2624"]
[WhiteFideId "12558486"]
[BlackFideId "35042025"]
[EventDate "2025.12.29"]

1. d4 d5 2. c4 e6 3. Nc3 c5 4. cxd5 cxd4 5. Qa4+ Bd7 6. Qxd4 exd5 7. Qxd5 Nf6 8.
Qd1 Bc5 9. Nf3 O-O 10. e3 Qe7 11. Be2 Nc6 12. O-O Rfd8 13. Qc2 Nb4 14. Qb1 Bc6
15. a3 Nbd5 16. Nxd5 Bxd5 17. b4 Bd6 18. Bb2 Ng4 19. h3 Nxe3 20. Re1 Be4 21. Qa2
Nc2 22. Bc4 b5 23. Bb3 Nxe1 24. Rxe1 Qb7 25. Ng5 Bg6 26. h4 h6 27. Nf3 a5 28.
Bd5 Qxd5 29. Qxd5 Bh2+ 30. Kxh2 Rxd5 31. bxa5 Rxa5 32. g4 f6 33. Re7 Rd3 34. Nd4
Ra4 35. Ne6 Bf7 36. Nc5 Rdxa3 37. Nxa4 Rxa4 38. Kg3 h5 39. f3 Rb4 40. Ba1 Ra4
41. Bb2 Ra2 42. Bd4 Rd2 43. Bc5 Rc2 44. Bd6 hxg4 45. fxg4 Rc3+ 46. Kf4 b4 47. g5
b3 48. Rb7 Rc4+ 49. Kf5 fxg5 50. hxg5 Rc2 51. g6 Rf2+ 52. Bf4 Bxg6+ 53. Kxg6
Rxf4 54. Rb8+ Rf8 55. Rxb3 Rf6+ 56. Kg5 Rf1 57. Rb4 Rg1+ 58. Rg4 Ra1 59. Rf4 Ra2
60. Rc4 Ra5+ 61. Kg4 Ra3 62. Rb4 Kh7 63. Rc4 Kh6 64. Rb4 Ra1 65. Rc4 Rg1+ 66.
Kh3 g5 67. Kh2 Ra1 68. Rb4 Kh5 69. Kg2 Ra2+ 70. Kg3 Ra3+ 71. Kg2 g4 72. Rb8 1/2-1/2

[Event "World Blitz 2025"]
[Site "Doha QAT"]
[Date "2025.12.29"]
[Round "8.71"]
[White "Yilmaz, Mustafa"]
[Black "Harikrishnan, A. Ra"]
[Result "1/2-1/2"]
[WhiteTitle "GM"]
[BlackTitle "GM"]
[WhiteElo "2595"]
[BlackElo "2531"]
[WhiteFideId "6302718"]
[BlackFideId "5081483"]
[EventDate "2025.12.29"]

1. d4 d5 2. c4 c6 3. Nf3 Nf6 4. Nc3 dxc4 5. a4 Bf5 6. Ne5 Nbd7 7. Nxc4 Qc7 8. g3
e5 9. dxe5 Nxe5 10. Bf4 Nfd7 11. Bg2 g5 12. Ne3 gxf4 13. Nxf5 fxg3 14. hxg3
O-O-O 15. Qc2 Kb8 16. O-O-O a5 17. Kb1 Bb4 18. Rd4 Nb6 19. Rhh4 Rxd4 20. Rxd4
Rd8 21. e3 Rxd4 22. Nxd4 Bxc3 23. Qxc3 Nxa4 24. Qa3 Nb6 25. Qxa5 Nbc4 26. Qc3
Qb6 27. Bf1 Nd6 28. f4 Ng4 29. Nc2 Ne4 30. Qh8+ Ka7 31. Bd3 Nd2+ 32. Kc1 Nb3+
33. Kb1 Nxe3 34. Nxe3 Qxe3 35. Qc3 Qg1+ 36. Ka2 Nc1+ 37. Ka3 Nxd3 38. Qa5+ Kb8
39. Qd8+ Ka7 40. Qa5+ Kb8 41. Qd8+ 1/2-1/2

[Event "World Blitz 2025"]
[Site "Doha QAT"]
[Date "2025.12.29"]
[Round "8.72"]
[White "Murshed, Niaz"]
[Black "Alexakis, Dimitris"]
[Result "0-1"]
[WhiteTitle "GM"]
[BlackTitle "GM"]
[WhiteElo "2341"]
[BlackElo "2544"]
[WhiteFideId "10200010"]
[BlackFideId "4277023"]
[EventDate "2025.12.29"]

1. Nf3 c5 2. c4 Nc6 3. g3 g6 4. Bg2 Bg7 5. O-O Nh6 6. Nc3 O-O 7. d3 Nf5 8. e3
Rb8 9. Rb1 a6 10. a4 e6 11. Qe2 d5 12. g4 Nfe7 13. e4 Nd4 14. Qd1 dxc4 15. dxc4
Nec6 16. Be3 f5 17. gxf5 exf5 18. Bg5 Nxf3+ 0-1

[Event "World Blitz 2025"]
[Site "Doha QAT"]
[Date "2025.12.29"]
[Round "8.73"]
[White "Lodici, Lorenzo"]
[Black "Piliposyan, Robert"]
[Result "1-0"]
[WhiteTitle "GM"]
[BlackTitle "IM"]
[WhiteElo "2590"]
[BlackElo "2442"]
[WhiteFideId "884189"]
[BlackFideId "13309978"]
[EventDate "2025.12.29"]

1. e4 e5 2. Nf3 Nc6 3. Bb5 a6 4. Ba4 Be7 5. O-O Nf6 6. Bxc6 dxc6 7. Re1 Qd6 8.
d4 Nd7 9. c3 O-O 10. Na3 Qe6 11. Nc2 Rd8 12. Qe2 b6 13. dxe5 c5 14. Ne3 Bb7 15.
Nf5 Nxe5 16. Nxe5 Qxe5 17. Nxe7+ Qxe7 18. Bf4 a5 19. f3 h6 20. Qf2 Rd7 21. h4 a4
22. h5 a3 23. b3 Rad8 24. c4 Qf6 25. Qg3 Qc6 26. Be5 f6 27. Bf4 Kh8 28. e5 fxe5
29. Bxe5 Kh7 30. Re4 Qe6 31. Rg4 Rg8 32. Re1 Qf5 33. Bxc7 Qxh5 34. Bxb6 Rd2 35.
Re7 Rd1+ 36. Kf2 Rd2+ 37. Ke3 1-0